LEADER 01811nam a2200337 i 4500 001 000000367275 003 CaOOAMICUS 005 20260416091929.0 008 260416s2025 be a u000 u eng u 020 $a978-90-429-5276-8 040 $aSeMil$bita 041 $afre$aara 100 1 $aPetrosyan, Ester.$0(OLS)http://semarc/name/124153 245 10$aCatalogue of the Arabic Garshuni manuscripts and fragments of the Matenadaran (Yerevan) /$cby Ester Petrosyan ; in collaboration with Gaby Abousamra. 264 1$aLovanii :$bIn aedibus Peeters,$c2025. 300 $aXXVIII, 262 p. :$bill. ;$c25 cm 490 1 $aCorpus Scriptorum Christianorum Orientalium. Subsidia ;$v148 490 1 $aCorpus Scriptorum Christianorum Orientalium ;$v708 500 $aTesto e frammenti in arabo Garshuni, titoli traslitterati dall0arabo, introduzione e commenti in inglese 504 $aBibliography, p. [XI]-XIV 650 4$aLingua araba antica - Alfabeto siriaco - Fonti manoscritte.$0(OLS)http://semarc/subject/59968 650 4$aManoscritti arabi - Cataloghi.$0(OLS)http://semarc/subject/10274 700 1 $aAbou Samra, Gaby.$0(OLS)http://semarc/name/124154 830 0$aCorpus Scriptorum Christianorum Orientalium ;$v708.$0(OLS)http://semarc/title/77 830 0$aCorpus Scriptorum Christianorum Orientalium. Subsidia ;$v148.$0(OLS)http://semarc/title/9539 850 $aSeMil 852 $aSeMil$W1$xVenegono$y1$m2TA A 708$j270253$B257988$CSeMilBibl$Z2$F257988 $81 996 $6020$a978-90-429-5276-8$9(OLS)http://semarc/number/305681 996 $6245$aCatalogue of the Arabic Garshuni manuscripts and fragments of the Matenadaran (Yerevan)$9(OLS)http://semarc/title/459177 996 $6264$aLovanii :$bIn aedibus Peeters$9(OLS)http://semarc/publisher/30114